000 00223nam a22000857a 4500
008 170228b xxu||||| |||| 00| 0 eng d
100 _92957
_aBhardway.S.et al
245 _aLet us talk in English-4
260 _aNew Delhi
_bAPC
_c2012
999 _c6201
_d6201